Statistics for ww2

Click here to take the quiz!

General Stats

  • This quiz has been taken 16 times
  • The average score is 18 of 66

Answer Stats

Answer% Correct
United Kingdom
73%
United States of America
73%
USSR
73%
Poland
53%
Canada
47%
Denmark
47%
Norway
47%
Finland
40%
France
40%
Hungary
40%
Iraq
40%
Netherlands
40%
Romania
40%
Argentina
33%
Belgium
33%
Brazil
33%
Bulgaria
33%
Chile
33%
Colombia
33%
Costa Rica
33%
Cuba
33%
Dominican Republic
33%
Ecuador
33%
El Salvador
33%
Greece
33%
Guatemala
33%
Haiti
33%
Honduras
33%
Nicaragua
33%
Panama
33%
Paraguay
33%
Peru
33%
South Africa
33%
Turkey
33%
Uruguay
33%
Venezuela
33%
Yugoslavia
33%
Egypt
27%
Liberia
27%
Mexico
27%
Mongolia
27%
Nazi Germany
27%
New Zealand
27%
Australia
20%
Bolivia
20%
Empire of Japan
20%
Estonia
20%
Latvia
20%
Lithuania
20%
Thailand
20%
British Raj
13%
Kingdom of Italy
13%
Nationalist China
13%
San Marino
13%
Montenegro
7%
Serbia
7%
Slovak Republic
7%
Comunist China
0%
Fascist Italy
0%
Free France
0%
Free India
0%
Independent State of Croatia
0%
Manchukuo
0%
Second Philippine Republic
0%
State of Burma
0%
Vichy France
0%

Score Distribution

Percentile by Number Answered

Percent of People with Each Score

Your Score History

You have not taken this quiz